Madan Mohan Malviya / (Record no. 79590)

MARC details
000 -LEADER
fixed length control field 00783nam a22002297a 4500
005 - DATE AND TIME OF LATEST TRANSACTION
control field 20131029110031.0
010 ## - LCCN (DPL NO)
LC control number B-495465-469
020 ## - INTERNATIONAL STANDARD BOOK NUMBER
International Standard Book Number 9789350247754
Terms of availability 650.00
035 ## - SYSTEM CONTROL NUMBER
System control number B-495465-469
037 ## - SOURCE OF ACQUISITION
Source of stock number/acquisition HPH/Ven
Stock number dpl
082 ## - DEWEY DECIMAL CLASSIFICATION NUMBER
Classification number 921
245 ## - TITLE STATEMENT
Title Madan Mohan Malviya /
Statement of responsibility, etc edited by M.H. Syed, R.K.Singh [and] P.K. Choudhary
260 ## - PUBLICATION, DISTRIBUTION, ETC. (IMPRINT)
Place of publication, distribution, etc Mumbai
Name of publisher, distributor, etc Himalaya Publishing House
Date of publication, distribution, etc 2011
270 ## - ADDRESS
Address Ramdoot Dr. Bhalerao Marg, Girgaon
City Mumbai
Postal code 400004
300 ## - PHYSICAL DESCRIPTION
Extent 312p.
Dimensions 20cm(Hb)
500 ## - GENERAL NOTE
General note includes index and bibliographical references
700 ## - ADDED ENTRY--PERSONAL NAME
Personal name Syed, M.H.
710 ## - ADDED ENTRY--CORPORATE NAME
Corporate name or jurisdiction name as entry element R.K. Singh
710 ## - ADDED ENTRY--CORPORATE NAME
Corporate name or jurisdiction name as entry element Choudhry, P.K.
942 ## - ADDED ENTRY ELEMENTS (KOHA)
Source of classification or shelving scheme Dewey Decimal Classification
Item type English Books
Call number suffix MAD
Classification part 921
Holdings
Withdrawn status Lost status Not for loan Collection code Home library Current library Date acquired Source of acquisition Cost, normal purchase price Full call number Barcode Copy number Cost, replacement price Koha item type
      Non-fiction Janak Puri Janak Puri 29/10/2013 HPH/A443489/09.03.2013/170/09.03.2013/15.03.2013 650.00 921 MAD B-495467 1 650.00 English Books
      Non-fiction Karol Bagh Karol Bagh 29/10/2013 HPH/A443489/09.03.2013/170/09.03.2013/15.03.2013 650.00 921 MAD B-495468 1 650.00 English Books
      Non-fiction Kasturba Gandhi Marg Kasturba Gandhi Marg 29/10/2013 HPH/A443489/09.03.2013/170/09.03.2013/15.03.2013 650.00 921 MAD B-495466 1 650.00 English Books
      Non-fiction Narela Narela 29/10/2013 HPH/A443489/09.03.2013/170/09.03.2013/15.03.2013 650.00 921 MAD B-495469 1 650.00 English Books
      Non-fiction Patel Nagar Patel Nagar 29/10/2013 HPH/A443489/09.03.2013/170/09.03.2013/15.03.2013 650.00 921 MAD B-495465 1 650.00 English Books

© Delhi Public Library
Hit Counter
free hit counter